Districten van de Transvaal Republiek & Oranje Vrijstaat op een Kaart - Statistieken

Algemene statistieken
  • Deze quiz is 7 keer genomen
  • De gemiddelde score is 13 van 36
Antwoorden op de kaart
Antwoorden kleurgecodeerd door een groen-rode schaal op de quizkaart volgens % correct hieronder.
 
Antwoordstatistieken
N Antwoord % Correct
1 Pretoria
100%
2 Bloemfontein
67%
2 Bethlehem
33%
2 Bethulie
33%
1 Bloemhof
33%
2 Boshof
33%
2 Caledon River
33%
1 Ermelo
33%
2 Fauresmith
33%
2 Ficksburg
33%
2 Harrismith
33%
1 Heidelberg
33%
2 Heilbron
33%
2 Hoopstad
33%
2 Jacobsdal
33%
2 Kroonstad
33%
2 Lady Brand
33%
1 Lichtenburg
33%
1 Lydenburg
33%
1 Marico
33%
1 Middelburg
33%
2 Moroka
33%
2 Philippolis
33%
1 Piet-Retief
33%
1 Potchefstroom
33%
2 Rouxville
33%
1 Rustenburg
33%
1 Standerton
33%
1 Utrecht
33%
2 Vrede
33%
1 Vrijheid
33%
1 Wakkerstroom
33%
1 Waterberg
33%
2 Wepener
33%
2 Winburg
33%
1 Zoutpansberg
33%
Geen overeenkomende quizzen gevonden
Scoreverdeling
Procent van Mensen met Elke Score
Percentiel versus Aantal Correcte Antwoorden
Uw Scoregeschiedenis
U heeft deze quiz nog niet genomen